CATÁLOGO PÚBLICO DE LA BIBLIOTECA OSCAR VARSAVSKY

DIseño de una propuesta metodológica para el proceso de toma de decisiones del flete marítimo del Servicio Autónomo Ocamar (Registro nro. 1118)

Detalles MARC
000 -CABECERA
campo de control de longitud fija 02237nam a22002057a 4500
001 - NÚMERO DE CONTROL
campo de control T027600013342
008 - DATOS DE LONGITUD FIJA--INFORMACIÓN GENERAL
campo de control de longitud fija 181014b xve||||| m 0 e0p | esp
040 ## - FUENTE DE LA CATALOGACIÓN
Centro catalogador/agencia de origen FEVP
Centro/agencia transcriptor FEVP
041 ## - CÓDIGO DE LENGUA
Código de lengua del texto/banda sonora o título independiente spa
099 ## - SIGNATURA TOPOGRÁFICA LOCAL
Sigla especial EVP T-G.P.
Cutter F634
100 ## - ENTRADA PRINCIPAL--NOMBRE DE PERSONA
Apellido (s), Nombre (s) Flores Zavala, Juan C.
245 ## - MENCIÓN DE TÍTULO
Título DIseño de una propuesta metodológica para el proceso de toma de decisiones del flete marítimo del Servicio Autónomo Ocamar
260 ## - PUBLICACIÓN, DISTRIBUCIÓN, ETC. (PIE DE IMPRENTA)
Fecha de publicación, distribución, etc. Junio, 2003
300 ## - DESCRIPCIÓN FÍSICA
Extensión xii, 208 pp.
500 ## - NOTA GENERAL
Nota general Impreso
502 ## - NOTA DE TESIS
Nota de tesis TESIS -- Especialista, Especialista en Gerencia Pública
520 ## - NOTA DE RESUMEN, ETC. (R)
Sumario, etc. El presente Trabajo Especial de Grado tiene como temática el diseño de una propuesta metodológica para el proceso de toma de decisiones del flete marítimo del Servicio Autónomo Ocamar, aplicable en sus labores de transporte de carga al Caribe Oriental mediante la utilización de buques de la Armada suficientemente autorizados para ese fin. La metodología de esta investigación científica se fundamentó en una revisión bibliográfica de varias obras relacionadas al proceso de fijación del flete marítimo, del cual se extrajeron por medio de la aplicación de una matriz, la triangulación de los indicadores concurrentes y no concurrentes de las diversas propuestas desde el punto de vista de las variables de decisión intervinientes, las que se contrastaron con las utilizadas por OCAMAR en los apoyos de transporte marítimo al Caribe Oriental efectuados entre los años 2000 y 2001 y en la identificación de las debilidades, oportunidades, fortalezas y amenazas que pudieran afectar el proceso de toma de decisiones en la fijación del flete marítimo de OCAMAR, efectuándose un estudio de campo en donde se aplicó la encuesta a la muestra seleccionada conformada por el personal civil y militar del área de la Dirección de Transporte Marítimo y la revisión que los archivos de OCAMAR, resultados a los que se le efectuó un análisis DOFA, que arrojó las estrategias que complementan el diseño de un modelo matemático normativo para la determinación del flete marítimo y que por ende coadyuve en el proceso de toma de decisiones de la Gerencia del Servicio Autónomo OCAMAR
700 ## - PUNTO DE ACCESO ADICIONAL--NOMBRE DE PERSONA
Nombre de persona Sánchez Caparróz, Carlos
Término indicativo de función/relación Tutor
942 ## - ELEMENTOS DE PUNTO DE ACCESO ADICIONAL (KOHA)
Tipo de ítem Koha Tesis
Existencias
Estado de retiro Estado de pérdida Fuente del sistema de clasificación o colocación Estado dañado No para préstamo Localización permanente Ubicación/localización actual Fecha de adquisición Total de préstamos Signatura topográfica completa Código de barras Fecha visto por última vez Precio válido a partir de Tipo de ítem Koha Número de copia
          Oscar Varsavsky Oscar Varsavsky 31.10.2018   EVP T-G.P. F634 T027600017064 31.10.2018 31.10.2018 Tesis  
          Oscar Varsavsky Oscar Varsavsky 31.10.2018   EVP T-G.P. F634 T027600017065 31.10.2018 31.10.2018 Tesis e.2